Otázka sociální. Sv. I.
Uložené v:
| Hlavný autor: | |
|---|---|
| Médium: | Kniha |
| Jazyk: | Slovak |
| Vydané: |
Praha,
1946.
|
| Fyzický popis: |
423 s. |
| Tagy: |
Pridať tag
Žiadne tagy, Buďte prvý kto otaguje tento záznam!
|
Titul je dostupný aj v ... 

MARC
| LEADER | 00000nam a22000004a 4500 | ||
|---|---|---|---|
| 001 | 000604231 | ||
| 005 | 20190415151218.0 | ||
| 008 | 181220s1946 xo e 000 0 slo d | ||
| 040 | |a SVKKK |b slo |c SVKKK |e AACR2 | ||
| 100 | 1 | |a Masaryk, T. G. | |
| 245 | 1 | 0 | |a Otázka sociální. Sv. I. |
| 260 | |a Praha, |c 1946. | ||
| 300 | |a 423 s. | ||
| 500 | |a Záznam revízie | ||
| 910 | |a svkkk | ||
| 998 | |a BK | ||
| 090 | |g SCKHL |k Sklad Pribinova 2. posch. |a III.21949 |j 102163 |i 2720366718 |s Prezenčne | ||